<?xml version="1.0" encoding="UTF-8"?>
<record
    xmlns:xsi="http://www.w3.org/2001/XMLSchema-instance"
    xsi:schemaLocation="http://www.loc.gov/MARC21/slim http://www.loc.gov/standards/marcxml/schema/MARC21slim.xsd"
    xmlns="http://www.loc.gov/MARC21/slim">

  <leader>01349nam0a2200349   4500</leader>
  <controlfield tag="001">RU\NLR\BIBL_A\011706306</controlfield>
  <controlfield tag="005">20180528162858.0</controlfield>
  <datafield tag="010" ind1=" " ind2=" ">
    <subfield code="a">978-5-17-982650-7</subfield>
    <subfield code="9">3000</subfield>
  </datafield>
  <datafield tag="021" ind1=" " ind2=" ">
    <subfield code="a">RU</subfield>
    <subfield code="b">&#x41A;&#x41D;-&#x41F;-18-026448</subfield>
    <subfield code="9">&#x41A;&#x41D;-&#x41F;-18-1925</subfield>
  </datafield>
  <datafield tag="035" ind1=" " ind2=" ">
    <subfield code="a">(NLR Aleph) 011706306</subfield>
  </datafield>
  <datafield tag="035" ind1=" " ind2=" ">
    <subfield code="a">(RuMoRGB)009600553</subfield>
  </datafield>
  <datafield tag="090" ind1=" " ind2=" ">
    <subfield code="a">11411807</subfield>
    <subfield code="c">11411807</subfield>
  </datafield>
  <datafield tag="100" ind1=" " ind2=" ">
    <subfield code="a">20180517d2018    e  y0rusy50      ca</subfield>
  </datafield>
  <datafield tag="101" ind1="1" ind2=" ">
    <subfield code="a">rus</subfield>
    <subfield code="c">eng</subfield>
  </datafield>
  <datafield tag="102" ind1=" " ind2=" ">
    <subfield code="a">RU</subfield>
  </datafield>
  <datafield tag="105" ind1=" " ind2=" ">
    <subfield code="a">y|||zzzz000 y</subfield>
  </datafield>
  <datafield tag="200" ind1="1" ind2=" ">
    <subfield code="a">&#x41D;&#x430;&#x439;&#x434;&#x438; &#x43C;&#x435;&#x43D;&#x44F;</subfield>
    <subfield code="e">&#x43D;&#x430;&#x439;&#x434;&#x438; &#x43C;&#x435;&#x43D;&#x44F;, &#x43F;&#x440;&#x435;&#x436;&#x434;&#x435; &#x447;&#x435;&#x43C; &#x44D;&#x442;&#x43E; &#x441;&#x434;&#x435;&#x43B;&#x430;&#x44E;&#x442; &#x43E;&#x43D;&#x438;</subfield>
    <subfield code="e">[&#x440;&#x43E;&#x43C;&#x430;&#x43D;]</subfield>
    <subfield code="f">&#x414;&#x436;. &#x421;. &#x41C;&#x43E;&#x43D;&#x440;&#x43E;</subfield>
    <subfield code="g">[&#x43F;&#x435;&#x440;&#x435;&#x432;&#x43E;&#x434; &#x441; &#x430;&#x43D;&#x433;&#x43B;&#x438;&#x439;&#x441;&#x43A;&#x43E;&#x433;&#x43E; &#x418;&#x440;&#x438;&#x43D;&#x44B; &#x41F;&#x430;&#x432;&#x43B;&#x43E;&#x432;&#x43E;&#x439;]</subfield>
  </datafield>
  <datafield tag="210" ind1=" " ind2=" ">
    <subfield code="a">&#x41C;&#x43E;&#x441;&#x43A;&#x432;&#x430;</subfield>
    <subfield code="c">&#x416;&#x430;&#x43D;&#x440;&#x43E;&#x432;&#x430;&#x44F; &#x43B;&#x438;&#x442;&#x435;&#x440;&#x430;&#x442;&#x443;&#x440;&#x430;</subfield>
    <subfield code="c">&#x410;&#x421;&#x422;</subfield>
    <subfield code="d">2018</subfield>
  </datafield>
  <datafield tag="215" ind1=" " ind2=" ">
    <subfield code="a">413, [1] &#x441;.</subfield>
    <subfield code="d">21</subfield>
  </datafield>
  <datafield tag="225" ind1="1" ind2=" ">
    <subfield code="a">&#x41D;&#x43E;&#x432;&#x44B;&#x439; &#x43C;&#x438;&#x440;&#x43E;&#x432;&#x43E;&#x439; &#x442;&#x440;&#x438;&#x43B;&#x43B;&#x435;&#x440;</subfield>
  </datafield>
  <datafield tag="300" ind1=" " ind2=" ">
    <subfield code="a">&#x41D;&#x430; &#x43A;&#x43E;&#x440;&#x435;&#x448;&#x43A;&#x435;: # 1</subfield>
  </datafield>
  <datafield tag="300" ind1=" " ind2=" ">
    <subfield code="a">&#x41D;&#x430; 4-&#x439; &#x441;. &#x441;&#x443;&#x43F;&#x435;&#x440;&#x43E;&#x431;&#x43B;. &#x430;&#x432;&#x442;.: &#x414;&#x436;. &#x421;. &#x41C;&#x43E;&#x43D;&#x440;&#x43E; - &#x43F;&#x441;&#x435;&#x432;&#x434;&#x43E;&#x43D;&#x438;&#x43C; &#x414;&#x436;&#x43E;&#x43D;&#x430; &#x421;&#x442;&#x43E;&#x43A;&#x430;</subfield>
  </datafield>
  <datafield tag="333" ind1=" " ind2=" ">
    <subfield code="a">18+</subfield>
  </datafield>
  <datafield tag="686" ind1=" " ind2=" ">
    <subfield code="a">&#x428;5(4&#x412;&#x43B;)64-644.6</subfield>
    <subfield code="2">rubbk</subfield>
  </datafield>
  <datafield tag="686" ind1="1" ind2=" ">
    <subfield code="a">&#x428;6(4&#x412;&#x43B;)67-446(&#x41B;&#x445;1299-60)</subfield>
  </datafield>
  <datafield tag="700" ind1=" " ind2="1">
    <subfield code="a">&#x41C;&#x43E;&#x43D;&#x440;&#x43E;</subfield>
    <subfield code="b">&#x414;. &#x421;.</subfield>
    <subfield code="f">1966-</subfield>
    <subfield code="g">&#x414;&#x436;. &#x421;.</subfield>
    <subfield code="3">RU\NLR\AUTH\770189317</subfield>
  </datafield>
  <datafield tag="942" ind1=" " ind2=" ">
    <subfield code="c">BOOK</subfield>
  </datafield>
  <datafield tag="980" ind1=" " ind2=" ">
    <subfield code="a">NBR</subfield>
  </datafield>
  <datafield tag="980" ind1=" " ind2=" ">
    <subfield code="a">NB</subfield>
  </datafield>
</record>
